[Event "WchT Blitz Pool B"]
[Site "London"]
[Date "2025.06.14"]
[Round "13.3"]
[White "Roberson, Peter T"]
[Black "Vujatovic, Rajko"]
[Result "1-0"]
[WhiteElo "2433"]
[BlackElo "2222"]
[PlyCount "54"]
[EventDate "2025.06.14"]
[EventType "team-tourn"]
[EventRounds "13"]
[EventCountry "ENG"]
[SourceTitle "CB25_2025"]
[SourceDate "2025.06.18"]
[SourceVersion "1"]
[SourceVersionDate "2025.06.18"]
[SourceQuality "1"]
[WhiteTeam "Sharks 4NCL"]
[BlackTeam "Sassy Seniors"]
[WhiteTeamCountry "ENG"]
[BlackTeamCountry "ENG"]

1. Nc3 d5 2. d4 Nf6 3. Bf4 a6 4. e3 e6 5. g4 c5 6. g5 Nfd7 7. h4 Nc6 8. Nf3 b5 9. Bg2 Qb6 10. Qd2 Bb7 11. a3 Be7 12. h5 f5 13. gxf6 gxf6 14. Bh3 Na5 15. Qe2 0-0-0 16. dxc5 Qxc5 17. Bxe6 Nc4 18. b4 Qb6 19. Nd4 Bd6 20. Bxd6 Qxd6 21. Qg4 Kb8 22. Bxd7 Rxd7 23. Nce2 Ne5 24. Qf4 Rg8 25. 0-0-0 Rc8 26. Nb3 Rdc7 27. Ned4 Rc4 1-0

[Event "WchT Rapid"]
[Site "London"]
[Date "2025.06.11"]
[Round "2.2"]
[White "Roberson, Peter T"]
[Black "Moussard, Jules"]
[Result "0-1"]
[WhiteElo "2372"]
[BlackElo "2609"]
[PlyCount "86"]
[EventDate "2025.06.11"]
[EventType "team-swiss"]
[EventRounds "12"]
[EventCountry "ENG"]
[SourceTitle "CB25_2025"]
[SourceDate "2025.06.18"]
[SourceVersion "1"]
[SourceVersionDate "2025.06.18"]
[SourceQuality "1"]
[WhiteTeam "Sharks 4NCL"]
[BlackTeam "Knight Dance"]
[WhiteTeamCountry "ENG"]
[BlackTeamCountry "FRA"]

1. e4 c5 2. Be2 Nc6 3. f4 g6 4. Nf3 Bg7 5. 0-0 d6 6. d3 Nf6 7. Qe1 Bg4 8. Nbd2 0-0 9. Qh4 e6 10. h3 Bxf3 11. Nxf3 Nd7 12. Qf2 b5 13. f5 Nd4 14. Nxd4 Bxd4 15. Be3 Bxb2 16. Rab1 Bg7 17. Rxb5 Qc7 18. Kh1 Rae8 19. fxe6 fxe6 20. Qe1 Rxf1+ 21. Qxf1 h5 22. Qf4 Ne5 23. Qg3 Rf8 24. c3 a6 25. Rb1 Qa5 26. d4 Qxa2 27. Re1 cxd4 28. cxd4 Nc4 29. Bxc4 Qxc4 30. Qxg6 Rf1+ 31. Rxf1 Qxf1+ 32. Kh2 Qf7 33. Qg5 e5 34. Qd8+ Qf8 35. Qg5 Qf6 36. Qxh5 exd4 37. Qd5+ Qf7 38. Bd2 Be5+ 39. Kg1 Qxd5 40. exd5 Bg3 41. Kf1 d3 42. Be1 Bf4 43. g3 d2 0-1

[Event "Titled Tuesday intern op 20th May Late"]
[Site "Chess.com INT"]
[Date "2025.05.20"]
[Round "8"]
[White "Gelman, Alexander"]
[Black "Roberson, Peter T"]
[Result "1-0"]
[WhiteElo "2403"]
[BlackElo "2440"]
[PlyCount "57"]
[EventDate "2025.05.20"]
[EventType "swiss (blitz)"]
[EventRounds "11"]
[EventCountry "USA"]
[SourceTitle "CB22_2025"]
[SourceDate "2025.05.28"]
[SourceVersion "1"]
[SourceVersionDate "2025.05.28"]
[SourceQuality "1"]

1. d4 Nf6 2. Nc3 e6 3. Bf4 Bb4 4. e3 d5 5. g4 c5 6. Nge2 Nc6 7. a3 Bxc3+ 8. Nxc3 cxd4 9. exd4 0-0 10. Qd2 Bd7 11. g5 Ne4 12. Nxe4 dxe4 13. Bg2 f5 14. gxf6 Qxf6 15. Be3 Qg6 16. Rg1 Ne7 17. 0-0-0 Rac8 18. Kb1 Nd5 19. Rc1 b5 20. Qa5 Rc7 21. Ka1 Rfc8 22. c3 Nb6 23. Bf4 Nc4 24. Qa6 Rc6 25. Qxa7 Qf7 26. Bxe4 Qxf4 27. Bxc6 Qxf2 28. Rb1 Rxc6 29. Qxd7 1-0

[Event "Titled Tuesday intern op 11th Mar Late"]
[Site "Chess.com INT"]
[Date "2025.03.11"]
[Round "8"]
[White "Beletic, Daniel"]
[Black "Roberson, Peter T"]
[Result "1-0"]
[WhiteElo "2250"]
[BlackElo "2434"]
[PlyCount "79"]
[EventDate "2025.03.11"]
[EventType "swiss (blitz)"]
[EventRounds "11"]
[EventCountry "USA"]
[SourceTitle "CB12_2025"]
[SourceDate "2025.03.19"]
[SourceVersion "1"]
[SourceVersionDate "2025.03.19"]
[SourceQuality "1"]

1. e4 a6 2. d4 e6 3. Bd3 d5 4. exd5 exd5 5. Nf3 Nf6 6. 0-0 Be7 7. h3 0-0 8. Re1 Re8 9. Bf4 Nbd7 10. Nc3 Nf8 11. Ne5 Ng6 12. Bg3 Bd6 13. Qf3 c6 14. a3 Qc7 15. Nxg6 hxg6 16. Bxd6 Qxd6 17. Rxe8+ Nxe8 18. Re1 Nf6 19. Na4 Be6 20. Nc5 Bc8 21. Qe3 a5 22. Na4 Bd7 23. Qe5 Qf8 24. Qc7 Re8 25. Re5 Bc8 26. Nb6 Be6 27. Qxb7 Qd6 28. Qa7 Rb8 29. Na4 Nd7 30. Re3 Bf5 31. Bxf5 gxf5 32. Nc5 Nxc5 33. dxc5 Qd8 34. Re7 Rxb2 35. Rxf7 Qg5 36. Qc7 Rxc2 37. h4 Qg6 38. Re7 Rxc5 39. Qc8+ Kh7 40. Re8 1-0

[Event "British Rapidplay"]
[Site "Peterborough"]
[Date "2025.03.02"]
[Round "8"]
[White "Kovchan, Alexander"]
[Black "Roberson, Peter T"]
[Result "1-0"]
[WhiteElo "2433"]
[BlackElo "2434"]
[PlyCount "59"]
[EventDate "2025.03.01"]
[EventType "swiss (rapid)"]
[EventRounds "11"]
[EventCountry "ENG"]
[SourceTitle "CB10_2025"]
[SourceDate "2025.03.05"]
[SourceVersion "1"]
[SourceVersionDate "2025.03.05"]
[SourceQuality "1"]

1. e4 e6 2. d4 d5 3. Nd2 c5 4. exd5 Qxd5 5. Ngf3 cxd4 6. Bc4 Qd6 7. 0-0 Nf6 8. Nb3 Nc6 9. Nbxd4 Nxd4 10. Nxd4 Be7 11. Nb5 Qc6 12. Qe2 0-0 13. Bf4 a6 14. Nd4 Qb6 15. c3 Bd7 16. Rad1 Rac8 17. Bb3 Rfe8 18. Rd3 Nd5 19. Be5 Bf6 20. Rg3 Rc5 21. Nf3 Bxe5 22. Nxe5 Nf6 23. Qe3 g6 24. Re1 Kg7 25. Rf3 Re7 26. Rxf6 Kxf6 27. Ng4+ Kf5 28. h4 Kxg4 29. Bd1+ Kxh4 30. Qg3# 1-0

[Event "British Rapidplay"]
[Site "Peterborough"]
[Date "2025.03.02"]
[Round "9"]
[White "Roberson, Peter T"]
[Black "Cancedda Dupuis, Livio"]
[Result "1-0"]
[WhiteElo "2434"]
[BlackElo "2053"]
[PlyCount "113"]
[EventDate "2025.03.01"]
[EventType "swiss (rapid)"]
[EventRounds "11"]
[EventCountry "ENG"]
[SourceTitle "CB10_2025"]
[SourceDate "2025.03.05"]
[SourceVersion "1"]
[SourceVersionDate "2025.03.05"]
[SourceQuality "1"]

1. e4 c5 2. Be2 Nc6 3. f4 d6 4. Nf3 g6 5. 0-0 Bg7 6. d3 Nd4 7. Nbd2 Qc7 8. c3 Nxe2+ 9. Qxe2 Bd7 10. a4 0-0-0 11. d4 Kb8 12. b4 Nf6 13. bxc5 dxc5 14. Ne5 Be8 15. d5 e6 16. c4 Nd7 17. Nxd7+ Bxd7 18. Rb1 Rhe8 19. Bb2 Bxb2 20. Rxb2 Bc8 21. Qf3 Qd7 22. Nb3 Qxa4 23. e5 Qxc4 24. d6 b6 25. Na5 Qd4+ 26. Kh1 Qxb2 27. Nc6+ Kb7 28. Nxd8+ Ka6 29. Qd3+ b5 30. Rb1 Qxb1+ 31. Qxb1 Rxd8 32. Qe1 Kb6 33. Qh4 Rd7 34. Qxh7 Bb7 35. f5 exf5 36. h4 Bd5 37. Qh8 a5 38. Qb8+ Bb7 39. Qe8 Kc6 40. e6 fxe6 41. Qxg6 Kxd6 42. h5 c4 43. h6 c3 44. Qg3+ e5 45. Qxc3 Rh7 46. Qd2+ Ke6 47. Qg5 Rxh6+ 48. Qxh6+ Kd5 49. Qb6 Bc6 50. Qxa5 Kc4 51. Kg1 b4 52. Qxe5 Be4 53. g4 b3 54. gxf5 Bd5 55. f6 Bg8 56. Kf2 Kd3 57. Qb2 1-0

[Event "British Rapidplay"]
[Site "Peterborough"]
[Date "2025.03.01"]
[Round "1"]
[White "Roberson, Peter T"]
[Black "Ward, Andrew"]
[Result "1-0"]
[WhiteElo "2434"]
[BlackElo "1894"]
[PlyCount "73"]
[EventDate "2025.03.01"]
[EventType "swiss (rapid)"]
[EventRounds "11"]
[EventCountry "ENG"]
[SourceTitle "CB10_2025"]
[SourceDate "2025.03.05"]
[SourceVersion "1"]
[SourceVersionDate "2025.03.05"]
[SourceQuality "1"]

1. e4 e5 2. Nf3 Nc6 3. Bb5 a6 4. Ba4 Nf6 5. 0-0 b5 6. Bb3 Bc5 7. a4 Rb8 8. d3 d6 9. Be3 Bb6 10. axb5 axb5 11. Nc3 0-0 12. h3 h6 13. Qd2 Bxe3 14. fxe3 Be6 15. Nd5 Bxd5 16. exd5 Ne7 17. e4 Ng6 18. Ra7 Ra8 19. Rfa1 Rxa7 20. Rxa7 Qd7 21. Qa5 Ne8 22. Rb7 Nf4 23. Kh2 f5 24. Qxb5 Qxb5 25. Rxb5 fxe4 26. dxe4 Nxh3 27. Kxh3 Rf4 28. c3 Rxe4 29. Bc2 Rf4 30. Bg6 Rf8 31. Nd2 Nf6 32. Ne4 Nxe4 33. Bxe4 Rf4 34. Bg6 Kf8 35. Rb7 Rc4 36. Bd3 Rc5 37. c4 1-0

[Event "Isle of Wight op"]
[Site "Ryde"]
[Date "2025.02.23"]
[Round "9"]
[White "Roberson, Peter T"]
[Black "Willow, Jonah B"]
[Result "1/2-1/2"]
[WhiteElo "2444"]
[BlackElo "2459"]
[PlyCount "89"]
[EventDate "2025.02.18"]
[EventType "swiss"]
[EventRounds "9"]
[EventCountry "ENG"]
[SourceTitle "CB09_2025"]
[SourceDate "2025.02.27"]
[SourceVersion "1"]
[SourceVersionDate "2025.02.27"]
[SourceQuality "1"]

1. e4 e5 2. Nf3 Nc6 3. Bb5 a6 4. Ba4 Nge7 5. Nc3 d6 6. 0-0 h6 7. Re1 g5 8. Nd5 Bg7 9. c3 0-0 10. Nxe7+ Qxe7 11. d3 Kh8 12. Be3 f5 13. exf5 Bxf5 14. d4 e4 15. Nd2 b5 16. Bc2 d5 17. f3 exf3 18. Nxf3 Qf7 19. Bf2 Rae8 20. Bxf5 Qxf5 21. Bg3 Rxe1+ 22. Qxe1 Qf7 23. Qe2 Re8 24. Qd3 Re6 25. a4 b4 26. Rf1 Qd7 27. Qf5 bxc3 28. bxc3 Kg8 29. Ne5 Nxe5 30. Bxe5 Re7 31. Bxg7 Rxg7 32. Qf8+ Kh7 33. h3 Qxa4 34. Qf5+ Kh8 35. Qc8+ Kh7 36. Rf8 Qc6 37. Qf5+ Qg6 38. Qxd5 g4 39. hxg4 Qxg4 40. Qf5+ Qxf5 41. Rxf5 Rg5 42. Rf7+ Rg7 43. Rf8 Rg8 44. Rf7+ Rg7 45. Rf8 1/2-1/2

[Event "Isle of Wight op"]
[Site "Ryde"]
[Date "2025.02.20"]
[Round "4"]
[White "Sooraj, Menothuparam Raju"]
[Black "Roberson, Peter T"]
[Result "1/2-1/2"]
[WhiteElo "2152"]
[BlackElo "2444"]
[PlyCount "137"]
[EventDate "2025.02.18"]
[EventType "swiss"]
[EventRounds "9"]
[EventCountry "ENG"]
[SourceTitle "CB09_2025"]
[SourceDate "2025.02.27"]
[SourceVersion "1"]
[SourceVersionDate "2025.02.27"]
[SourceQuality "1"]

1. e4 e6 2. d4 d5 3. Nd2 c5 4. Ngf3 cxd4 5. Nxd4 Nf6 6. e5 Nfd7 7. N2f3 Nc6 8. Bf4 h6 9. h4 a6 10. Bd3 Nc5 11. h5 Bd7 12. 0-0 Be7 13. Nb3 Nxd3 14. cxd3 0-0 15. Qd2 f5 16. exf6 Bxf6 17. d4 b6 18. Rfe1 Qe7 19. Bc7 b5 20. Rac1 Rac8 21. Be5 Nxe5 22. Nxe5 Bg5 23. Rxc8 Rxc8 24. Ng6 Qd6 25. f4 Bf6 26. Ne5 Be8 27. g4 Qe7 28. Nc5 b4 29. Ncd3 a5 30. Rc1 Qd8 31. Kg2 Bb5 32. Nc5 Bxe5 33. dxe5 Qh4 34. Qd1 d4 35. Ne4 Bc6 36. Rxc6 Rxc6 37. Ng3 Qd8 38. Qd3 Qd5+ 39. Kh3 Rc8 40. Qg6 Qd7 41. Ne4 Qf7 42. Nf6+ Kf8 43. Nh7+ Ke8 44. Qe4 Rd8 45. Qc6+ Qd7 46. Qc5 Kf7 47. g5 Kg8 48. Nf6+ gxf6 49. exf6 Qd5 50. Qc7 Qd7 51. Qc5 e5+ 52. Kh4 Qf5 53. Qe7 Qxf4+ 54. Kh3 Qf3+ 55. Kh4 Qf4+ 56. Kh3 Qf3+ 57. Kh4 hxg5+ 58. Kxg5 Qf4+ 59. Kg6 Qg4+ 60. Kh6 Qf4+ 61. Kg6 Qe4+ 62. Kh6 Qe3+ 63. Kg6 Qd3+ 64. Kh6 Qd2+ 65. Kg6 Qd3+ 66. Kh6 Qe3+ 67. Kg6 Qg3+ 68. Kh6 Qf4+ 69. Kg6 1/2-1/2

[Event "Isle of Wight op"]
[Site "Ryde"]
[Date "2025.02.18"]
[Round "1"]
[White "Roberson, Peter T"]
[Black "Fathallah, Joe"]
[Result "1-0"]
[WhiteElo "2444"]
[BlackElo "2044"]
[PlyCount "47"]
[EventDate "2025.02.18"]
[EventType "swiss"]
[EventRounds "9"]
[EventCountry "ENG"]
[SourceTitle "CB09_2025"]
[SourceDate "2025.02.27"]
[SourceVersion "1"]
[SourceVersionDate "2025.02.27"]
[SourceQuality "1"]

1. e4 e6 2. d4 d5 3. Nd2 Nf6 4. e5 Nfd7 5. Bd3 c5 6. c3 Nc6 7. Ngf3 cxd4 8. cxd4 Qb6 9. 0-0 Nxd4 10. Nxd4 Qxd4 11. Nf3 Qb6 12. a3 Be7 13. Be3 Qd8 14. Rc1 0-0 15. Re1 f5 16. exf6 Nxf6 17. Bd4 Bd7 18. Ng5 Bd6 19. Nxe6 Bxe6 20. Rxe6 Bf4 21. Rc2 Rc8 22. Bxf6 Rxf6 23. Rxf6 Rxc2 24. Rxf4 1-0

[Event "BCF-chT 2425 (4NCL)"]
[Site "England"]
[Date "2025.02.16"]
[Round "6.23"]
[White "Roberson, Peter T"]
[Black "Czopor, Maciej"]
[Result "1/2-1/2"]
[WhiteElo "2444"]
[BlackElo "2409"]
[PlyCount "56"]
[EventDate "2024.11.23"]
[EventType "team-swiss"]
[EventRounds "11"]
[EventCountry "ENG"]
[SourceTitle "CB14_2025"]
[SourceDate "2024.11.01"]
[SourceVersion "1"]
[SourceVersionDate "2024.11.01"]
[SourceQuality "1"]
[WhiteTeam "The Sharks"]
[BlackTeam "Wood Green Youth"]
[WhiteTeamCountry "ENG"]
[BlackTeamCountry "ENG"]

1. e4 c5 2. Nf3 Nc6 3. Bb5 e6 4. Bxc6 bxc6 5. b3 f6 6. 0-0 Nh6 7. d4 Nf7 8. c4 cxd4 9. Nxd4 e5 10. Ne2 Bc5 11. Nbc3 0-0 12. Qd3 Re8 13. Na4 Bf8 14. c5 Qa5 15. Qc3 Qb5 16. Ng3 d5 17. cxd6 Bxd6 18. Be3 Bb4 19. Qc2 Be6 20. Rfd1 g6 21. Bc5 Ba5 22. Rac1 Kg7 23. Be3 Red8 24. Nf1 Rxd1 25. Rxd1 Bb6 26. Rc1 Rc8 27. Bc5 Nd8 28. h3 Bf7 1/2-1/2

[Event "BCF-chT 2425 (4NCL)"]
[Site "England"]
[Date "2025.01.26"]
[Round "4.32"]
[White "Pert, Richard G"]
[Black "Roberson, Peter T"]
[Result "1/2-1/2"]
[WhiteElo "2401"]
[BlackElo "2441"]
[PlyCount "29"]
[EventDate "2024.11.23"]
[EventType "team-swiss"]
[EventRounds "11"]
[EventCountry "ENG"]
[SourceTitle "CB14_2025"]
[SourceDate "2024.11.01"]
[SourceVersion "1"]
[SourceVersionDate "2024.11.01"]
[SourceQuality "1"]
[WhiteTeam "Cheddleton"]
[BlackTeam "The Sharks"]
[WhiteTeamCountry "ENG"]
[BlackTeamCountry "ENG"]

1. d4 d5 2. Nf3 Nf6 3. Bf4 c5 4. e3 Nc6 5. Nbd2 Bg4 6. h3 Bxf3 7. Nxf3 e6 8. Be2 Bd6 9. dxc5 Bxf4 10. exf4 Ne4 11. 0-0 Nxc5 12. c4 d4 13. Qd2 Qf6 14. Rfe1 0-0 15. Bf1 1/2-1/2

[Event "London Classic op 14th"]
[Site "London"]
[Date "2024.12.01"]
[Round "4"]
[White "Radovanovic, Jovica"]
[Black "Roberson, Peter T"]
[Result "1/2-1/2"]
[WhiteElo "2248"]
[BlackElo "2432"]
[PlyCount "144"]
[EventDate "2024.11.29"]
[EventType "swiss"]
[EventRounds "9"]
[EventCountry "ENG"]
[SourceTitle "CB50_2024"]
[SourceDate "2024.11.01"]
[SourceVersion "1"]
[SourceVersionDate "2024.11.01"]
[SourceQuality "2"]

1. d4 Nf6 2. c4 e6 3. Nf3 d5 4. Nc3 dxc4 5. e3 a6 6. a4 b6 7. Bxc4 Bb7 8. 0-0 Bb4 9. Qe2 0-0 10. Rd1 Nbd7 11. Bd3 c5 12. Na2 a5 13. Nxb4 axb4 14. dxc5 bxc5 15. e4 Qc7 16. b3 c4 17. Bxc4 Bxe4 18. Bb2 Qf4 19. Qe3 Qxe3 20. fxe3 Nb6 21. Bb5 Nbd5 22. Rd4 Rfc8 23. Nd2 Bg6 24. e4 Ne3 25. Rc1 Rxc1+ 26. Bxc1 Rc8 27. Nc4 Nc2 28. Nb6 Nxd4 29. Nxc8 Bxe4 30. Bc4 Nc6 31. Bd2 Nd5 32. Nd6 Bc2 33. Nb7 Nb6 34. Bb5 Nd4 35. Bxb4 Bxb3 36. Nc5 Nxb5 37. axb5 Bd5 38. Na6 Bc4 39. Nc7 Nd5 40. Nxd5 Bxd5 41. h4 f6 42. Kf2 Kf7 43. g3 Kg6 44. Bf8 e5 45. b6 Kf7 46. Bc5 Ke6 47. Bf8 g6 48. Ke3 Kf5 49. Bg7 Bb7 50. Kf2 h5 51. Ke3 g5 52. hxg5 fxg5 53. Kf2 e4 54. Bd4 Kg4 55. Be5 Bc6 56. Bd6 Kf5 57. Ke3 Ke6 58. Bc7 Kf6 59. Kf2 Kf5 60. Bd6 Kg4 61. Be5 Kh3 62. Bd6 g4 63. Bf4 Bb7 64. Be5 Kh2 65. Bf4 Kh3 66. Be5 h4 67. gxh4 Kxh4 68. Bf4 Kh3 69. Be5 Bc6 70. Bf4 Bb7 71. Be5 g3+ 72. Bxg3 e3+ 1/2-1/2

[Event "London Classic op 14th"]
[Site "London"]
[Date "2024.11.30"]
[Round "3"]
[White "Roberson, Peter T"]
[Black "Harvey, Marcus Ross"]
[Result "0-1"]
[WhiteElo "2432"]
[BlackElo "2491"]
[PlyCount "174"]
[EventDate "2024.11.29"]
[EventType "swiss"]
[EventRounds "9"]
[EventCountry "ENG"]
[SourceTitle "CB50_2024"]
[SourceDate "2024.11.01"]
[SourceVersion "1"]
[SourceVersionDate "2024.11.01"]
[SourceQuality "2"]

1. e4 c6 2. d4 d5 3. exd5 cxd5 4. Bd3 Nc6 5. c3 Nf6 6. Bf4 Bg4 7. Qb3 Qd7 8. Nd2 e6 9. Ngf3 Bd6 10. Bxd6 Qxd6 11. 0-0 0-0 12. Rfe1 Bxf3 13. Nxf3 Rfb8 14. a4 Qc7 15. Qc2 a6 16. Qe2 Re8 17. Rad1 Qe7 18. Bc2 Reb8 19. Ne5 Nxe5 20. dxe5 Nd7 21. Rd4 g6 22. h4 b5 23. axb5 axb5 24. Rb4 Ra5 25. Qg4 Rba8 26. Kh2 Ra1 27. Rxa1 Rxa1 28. Qe2 Qd8 29. Qe3 Nb6 30. Qf4 Qc7 31. Rxb5 Nd7 32. h5 Qxe5 33. Qxe5 Nxe5 34. hxg6 hxg6 35. Kg3 Kg7 36. f4 Rc1 37. fxe5 Rxc2 38. Kf3 Rc1 39. Kf2 g5 40. g4 Rc2+ 41. Kf3 Rh2 42. Rb8 Rh3+ 43. Kf2 Rd3 44. Rb4 Kg6 45. Rb6 Rh3 46. Rb8 Kg7 47. Rb6 Rh8 48. Ke3 Kg6 49. Rb4 Rh1 50. Kf2 Rh4 51. Kf3 Rh3+ 52. Kf2 f5 53. exf6 Kxf6 54. Kg2 Re3 55. Kf2 Rd3 56. Rd4 Rh3 57. Kg2 Rh8 58. Rd2 Ke5 59. Kg3 Rh1 60. Re2+ Kd6 61. Rd2 e5 62. Rf2 Rg1+ 63. Kf3 e4+ 64. Ke3 Rg3+ 65. Ke2 Rxg4 66. Rf8 Rg2+ 67. Ke3 Rxb2 68. Rd8+ Ke5 69. Re8+ Kf5 70. Rd8 Rb5 71. Rg8 Kg4 72. Kd4 Rb7 73. Rd8 Re7 74. Ke3 Re5 75. Ra8 Rf5 76. Kd4 Kf4 77. Ra1 g4 78. Rf1+ Kg5 79. Rg1 Kh4 80. c4 dxc4 81. Kxe4 Rf8 82. Rh1+ Kg3 83. Rc1 Kh2 84. Rxc4 g3 85. Rc7 g2 86. Rh7+ Kg3 87. Rg7+ Kf2 0-1

[Event "Titled Tuesday intern op 26th Nov Late"]
[Site "Chess.com INT"]
[Date "2024.11.26"]
[Round "7"]
[White "Roberson, Peter T"]
[Black "Galaktionov, Artem"]
[Result "1-0"]
[WhiteElo "2432"]
[BlackElo "2337"]
[PlyCount "109"]
[EventDate "2024.11.26"]
[EventType "swiss (blitz)"]
[EventRounds "11"]
[EventCountry "USA"]
[SourceTitle "CB49_2024"]
[SourceDate "2024.12.04"]
[SourceVersion "1"]
[SourceVersionDate "2024.12.04"]
[SourceQuality "1"]

1. d4 c6 2. Bf4 g6 3. Nf3 d6 4. Nbd2 Bg7 5. e4 Nd7 6. c3 Ngf6 7. Bd3 0-0 8. 0-0 Re8 9. h3 e5 10. Bh2 Qc7 11. Re1 b6 12. a4 Bb7 13. Qc2 Rad8 14. Rad1 Nh5 15. Nc4 h6 16. Bf1 g5 17. dxe5 Nxe5 18. Bxe5 dxe5 19. Ne3 Bc8 20. Bc4 Nf4 21. Nh2 h5 22. Nf5 Bf6 23. Nf1 Be6 24. N1e3 Rxd1 25. Rxd1 Rd8 26. Kh2 Rd7 27. g3 Ng6 28. Qe2 h4 29. Ng4 Bg7 30. Bxe6 fxe6 31. Nfe3 Kf7 32. Qc4 Rxd1 33. Nxd1 Qd6 34. Nde3 Bf8 35. Qe2 Be7 36. Nc4 Qc7 37. Qf3+ Kg7 38. Kg2 a6 39. Qd3 b5 40. axb5 cxb5 41. Nd2 Qc6 42. Nf3 Qc7 43. b4 Kf7 44. Qe3 hxg3 45. fxg3 Nf8 46. Nxg5+ Bxg5 47. Qxg5 Qxc3 48. Qxe5 Qd2+ 49. Nf2 Qxb4 50. h4 Ng6 51. Qc7+ Qe7 52. Qc6 b4 53. Qxa6 Ne5 54. Qb5 Qd6 55. h5 1-0

[Event "Titled Tuesday intern op 26th Nov Late"]
[Site "Chess.com INT"]
[Date "2024.11.26"]
[Round "10"]
[White "Roberson, Peter T"]
[Black "Zhigalko, Sergei"]
[Result "0-1"]
[WhiteElo "2432"]
[BlackElo "2572"]
[PlyCount "80"]
[EventDate "2024.11.26"]
[EventType "swiss (blitz)"]
[EventRounds "11"]
[EventCountry "USA"]
[SourceTitle "CB49_2024"]
[SourceDate "2024.12.04"]
[SourceVersion "1"]
[SourceVersionDate "2024.12.04"]
[SourceQuality "1"]

1. d4 Nf6 2. Bf4 e6 3. Nd2 d5 4. e3 Bd6 5. Bd3 0-0 6. Ngf3 b6 7. 0-0 Bxf4 8. exf4 Ba6 9. Bxa6 Nxa6 10. Qe2 Nb8 11. Ne5 c5 12. Ndf3 Qc7 13. c3 Nc6 14. g3 Rfc8 15. Rfd1 Ne7 16. Nxf7 Kxf7 17. Ng5+ Kg6 18. Qxe6 Nf5 19. Nf3 Re8 20. Ne5+ Qxe5 21. Qxe5 Rac8 22. dxc5 Rxc5 23. c4 d4 24. Re1 Rexe5 25. fxe5 Ng4 26. e6 Kf6 27. b3 Ne5 28. Kg2 g5 29. Rad1 g4 30. h3 h5 31. hxg4 hxg4 32. Re4 Kxe6 33. Rde1 a5 34. Rxg4 Kf6 35. Rf4 Nd3 36. Rxf5+ Rxf5 37. Rd1 Rxf2+ 38. Kg1 Rf3 39. Kg2 Re3 40. Kh3 Nf2+ 0-1

[Event "EU-Cup 39th"]
[Site "Vrnjacka Banja"]
[Date "2024.10.26"]
[Round "7.16"]
[White "Roberson, Peter T"]
[Black "Pelech, Roee"]
[Result "1-0"]
[WhiteElo "2425"]
[BlackElo "2180"]
[PlyCount "103"]
[EventDate "2024.10.20"]
[EventType "team-swiss"]
[EventRounds "7"]
[EventCountry "SRB"]
[SourceTitle "CB45_2024"]
[Source "ChessBase"]
[SourceDate "2024.11.06"]
[SourceVersion "1"]
[SourceVersionDate "2024.11.06"]
[SourceQuality "1"]
[WhiteTeam "The Sharks"]
[BlackTeam "Rishon Le Zion II"]
[WhiteTeamCountry "ENG"]
[BlackTeamCountry "ISR"]

1. e4 e5 2. Nf3 Nc6 3. Bb5 a6 4. Ba4 d6 5. 0-0 Bg4 6. h3 h5 7. Bxc6+ bxc6 8. d4 Qf6 9. dxe5 dxe5 10. Be3 Bxf3 11. Qxf3 Qxf3 12. gxf3 Bd6 13. Nd2 Ne7 14. Nc4 Ng6 15. Rfd1 Ke7 16. Rd3 a5 17. Rad1 Rhd8 18. a4 f6 19. Kf1 h4 20. Ke2 Nf8 21. f4 exf4 22. Nxd6 Rxd6 23. Bc5 Rad8 24. Bxd6+ cxd6 25. Rb3 Nd7 26. Rb7 Ke6 27. Rc7 g5 28. Rxc6 f3+ 29. Ke3 Ne5 30. Ra6 g4 31. hxg4 h3 32. Kf4 h2 33. Rxa5 Rc8 34. Rh1 Rxc2 35. Rxh2 Rxb2 36. Ra7 Ng6+ 37. Kxf3 Ne5+ 38. Kg3 Rb3+ 39. Kg2 Nxg4 40. Rhh7 Ke5 41. Rh4 f5 42. exf5 Kxf5 43. Rf7+ Kg5 44. Rh3 Rb4 45. Rg3 Kg6 46. Rf8 Kg7 47. Rd8 Kf7 48. a5 Ke7 49. Rh8 Ne5 50. a6 Ra4 51. a7 Rxa7 52. Rg7+ 1-0

[Event "EU-Cup 39th"]
[Site "Vrnjacka Banja"]
[Date "2024.10.20"]
[Round "1.3"]
[White "Roberson, Peter T"]
[Black "Eric, Jovana"]
[Result "1-0"]
[WhiteElo "2425"]
[BlackElo "2159"]
[PlyCount "83"]
[EventDate "2024.10.20"]
[EventType "team-swiss"]
[EventRounds "7"]
[EventCountry "SRB"]
[SourceTitle "CB44_2024"]
[Source "Chessbase"]
[SourceDate "2024.10.30"]
[SourceVersion "1"]
[SourceVersionDate "2024.10.30"]
[SourceQuality "1"]
[WhiteTeam "The Sharks"]
[BlackTeam "Sremska Mitrovica Sirmium"]
[WhiteTeamCountry "ENG"]
[BlackTeamCountry "SRB"]

1. Nf3 d5 2. e3 Nf6 3. c4 c6 4. Nc3 e6 5. b3 Nbd7 6. Bb2 Bd6 7. Qc2 dxc4 8. Bxc4 b5 9. Be2 Bb7 10. 0-0 0-0 11. Ng5 e5 12. Qf5 h6 13. Nge4 Qe7 14. Nxd6 Qxd6 15. Rad1 b4 16. Ne4 Nxe4 17. Qxe4 f5 18. Qc4+ Kh8 19. f4 e4 20. d3 Nb6 21. Qc2 Qe7 22. dxe4 fxe4 23. Bd4 Nd5 24. Bc4 Rfe8 25. Bxd5 cxd5 26. f5 Qf7 27. Qc5 a5 28. f6 g6 29. Rc1 Red8 30. Qe7 Rd7 31. Qxd7 Qxd7 32. f7+ Kh7 33. f8Q Rxf8 34. Rxf8 g5 35. Rcf1 Kg6 36. h3 Qc7 37. Rg8+ Kh5 38. Rg7 Qb8 39. Rf6 Bc8 40. Rgg6 Kh4 41. Rxh6+ Kg3 42. Bc5 1-0

[Event "Titled Tuesday intern op 24th Sep Late"]
[Site "Chess.com INT"]
[Date "2024.09.24"]
[Round "1"]
[White "Roberson, Peter T"]
[Black "Lin, Dachey"]
[Result "0-1"]
[WhiteElo "2425"]
[BlackElo "2303"]
[PlyCount "52"]
[EventDate "2024.09.24"]
[EventType "swiss (blitz)"]
[EventRounds "11"]
[EventCountry "USA"]
[SourceTitle "EXT 2025"]
[Source "ChessBase"]
[SourceDate "2024.10.14"]
[SourceVersion "1"]
[SourceVersionDate "2024.10.14"]
[SourceQuality "1"]

1. e4 e6 2. d4 d5 3. e5 c5 4. c3 Nc6 5. Nf3 Bd7 6. Be2 Nge7 7. 0-0 Ng6 8. g3 Rc8 9. h4 Nge7 10. dxc5 Ng6 11. b4 Ngxe5 12. Nxe5 Nxe5 13. Qd4 Nc6 14. Qg4 e5 15. Qf3 Be6 16. b5 Na5 17. Ba3 Bxc5 18. Bxc5 Rxc5 19. Qe3 Qc7 20. Bf3 0-0 21. Re1 Nc4 22. Qe2 Rxb5 23. Nd2 Rb2 24. Rad1 Rxa2 25. Qd3 Nxd2 26. Rxd2 e4 0-1